[Event "Warsaw Najdorf Memorial op-A 22nd"]
[Site "Warsaw"]
[Date "2025.07.15"]
[Round "8"]
[White "Kazmierowski, Tymon"]
[Black "Ladon, Tymoteusz"]
[Result "1-0"]
[WhiteElo "2138"]
[BlackElo "2018"]
[PlyCount "105"]
[EventDate "2025.07.08"]
[EventType "swiss"]
[EventRounds "9"]
[EventCountry "POL"]
[SourceTitle "CB29_2025"]
[SourceDate "2025.07.16"]
[SourceVersion "1"]
[SourceVersionDate "2025.07.16"]
[SourceQuality "1"]

1. d4 Nf6 2. c4 g6 3. g3 Bg7 4. Bg2 0-0 5. Nc3 d6 6. Nf3 Nc6 7. 0-0 Bf5 8. d5 Na5 9. Nd2 c5 10. e4 Bg4 11. Qc2 Qd7 12. b3 Bh3 13. Bb2 Bxg2 14. Kxg2 e5 15. Rae1 a6 16. Nd1 b5 17. Ne3 Ng4 18. Nxg4 Qxg4 19. f4 Rab8 20. fxe5 dxe5 21. cxb5 axb5 22. Nf3 f6 23. Qxc5 Rfc8 24. Qf2 Nb7 25. h3 Qd7 26. Qe3 Rc2+ 27. Re2 Bh6 28. Qf2 Rxe2 29. Qxe2 Nd6 30. Bc1 Bg7 31. Bb2 Bh6 32. Ne1 f5 33. exf5 Nf7 34. fxg6 Qxd5+ 35. Qf3 Qxf3+ 36. Nxf3 hxg6 37. Nxe5 Nxe5 38. Bxe5 Re8 39. Bc3 Re3 40. Rf3 Re2+ 41. Rf2 Re4 42. Bd2 Bg7 43. Kf3 Rd4 44. Be3 Rd6 45. Rc2 b4 46. Rc4 Bc3 47. a3 Rf6+ 48. Ke2 Be5 49. Rxb4 Bxg3 50. a4 Re6 51. Rb6 Bd6 52. a5 Kf8 53. Rxd6 1-0

[Event "Warsaw Najdorf Memorial op-A 22nd"]
[Site "Warsaw"]
[Date "2025.07.13"]
[Round "6"]
[White "Kazmierowski, Tymon"]
[Black "O'Cuilleanain, Oisin"]
[Result "0-1"]
[WhiteElo "2138"]
[BlackElo "2086"]
[PlyCount "64"]
[EventDate "2025.07.08"]
[EventType "swiss"]
[EventRounds "9"]
[EventCountry "POL"]
[SourceTitle "CB29_2025"]
[SourceDate "2025.07.16"]
[SourceVersion "1"]
[SourceVersionDate "2025.07.16"]
[SourceQuality "1"]

1. d4 Nf6 2. c4 e6 3. g3 d5 4. Bg2 Bb4+ 5. Nd2 0-0 6. Ngf3 b6 7. 0-0 Bb7 8. a3 Be7 9. b4 c5 10. bxc5 bxc5 11. Rb1 Qc8 12. Bb2 Nbd7 13. Ne5 Nxe5 14. dxe5 Nd7 15. Qc2 Bc6 16. cxd5 exd5 17. Rfc1 Rb8 18. f4 Qa6 19. Bf3 Rfd8 20. Qf5 g6 21. Qg4 c4 22. e6 Rxb2 23. Rxb2 Bxa3 24. Rbc2 Bxc1 25. Rxc1 Qb6+ 26. Kg2 Qb2 27. Rb1 Qxd2 28. exd7 Bxd7 29. Qg5 Re8 30. Rb7 Be6 31. Qf6 d4 32. Qe5 Bh3+ 0-1

[Event "POL-chT U20 1st League"]
[Site "Chotowa"]
[Date "2025.06.17"]
[Round "4.8"]
[White "Kusiak, Mateusz"]
[Black "Kazmierowski, Tymon"]
[Result "1/2-1/2"]
[WhiteElo "2191"]
[BlackElo "2120"]
[PlyCount "105"]
[EventDate "2025.06.14"]
[EventType "team-swiss"]
[EventRounds "9"]
[EventCountry "POL"]
[SourceTitle "CB26_2025"]
[SourceDate "2025.06.25"]
[SourceVersion "1"]
[SourceVersionDate "2025.06.25"]
[SourceQuality "1"]
[WhiteTeam "Rzeszow"]
[BlackTeam "Chylice Laura"]
[WhiteTeamCountry "POL"]
[BlackTeamCountry "POL"]

1. Nf3 Nf6 2. g3 d5 3. Bg2 c5 4. 0-0 e6 5. c4 Nc6 6. cxd5 exd5 7. d4 Be7 8. dxc5 Bxc5 9. a3 0-0 10. b4 Be7 11. Bb2 Be6 12. Nc3 Qd7 13. Ng5 Rfd8 14. Nxe6 Qxe6 15. Qb3 Nd4 16. Qd1 Nc6 17. Qb3 Nd4 18. Qa2 a5 19. b5 Bc5 20. e3 Nf5 21. Rad1 Ne7 22. Na4 Ba7 23. Bc3 Rd7 24. Qb3 b6 25. Bxf6 gxf6 26. Rd4 Rad8 27. Rfd1 Nf5 28. R4d2 d4 29. Qxe6 fxe6 30. Bc6 Rd6 31. exd4 Nxd4 32. Kg2 Nxb5 33. Rxd6 Rxd6 34. Rxd6 Nxd6 35. Nc3 Bb8 36. Ne4 Nxe4 37. Bxe4 a4 38. Bc2 Bd6 39. Bxa4 Bxa3 40. f4 Kg7 41. Bb3 e5 42. Kf3 b5 43. fxe5 fxe5 44. Ke4 Kf6 45. h4 Bb2 46. g4 h6 47. Kd5 b4 48. Ke4 Bc3 49. Ba2 Be1 50. g5+ hxg5 51. hxg5+ Kxg5 52. Kxe5 b3 53. Bxb3 1/2-1/2

[Event "Warsaw Independence Rapid op"]
[Site "Warsaw"]
[Date "2024.11.11"]
[Round "4"]
[White "Kazmierowski, Tymon"]
[Black "Jarmula, Lukasz"]
[Result "1/2-1/2"]
[WhiteElo "2095"]
[BlackElo "2429"]
[PlyCount "133"]
[EventDate "2024.11.11"]
[EventType "swiss (rapid)"]
[EventRounds "9"]
[EventCountry "POL"]
[SourceTitle "CB47_2024"]
[SourceDate "2024.11.20"]
[SourceVersion "1"]
[SourceVersionDate "2024.11.20"]
[SourceQuality "1"]

1. d4 Nf6 2. c4 d6 3. Nc3 e5 4. d5 e4 5. g3 Bf5 6. Bg2 Be7 7. Qc2 0-0 8. Nxe4 Qd7 9. Nxf6+ Bxf6 10. e4 Re8 11. Ne2 Bh3 12. 0-0 Na6 13. Be3 Bxg2 14. Kxg2 c5 15. a3 b5 16. Nf4 g6 17. f3 Rab8 18. Rab1 bxc4 19. Qxc4 Qb5 20. Qxb5 Rxb5 21. b4 cxb4 22. axb4 Nxb4 23. Bxa7 Ra8 24. Be3 Nc2 25. Bf2 Rba5 26. Nd3 Ra2 27. Kg1 Nd4 28. Kg2 Rd2 29. Nb4 Ra3 30. f4 Nb5 31. Rfd1 Re2 32. Re1 Rae3 33. Rxe2 Rxe2 34. Kf3 Nc3 35. Rc1 Rb2 36. Nd3 Rd2 37. Ke3 Re2+ 38. Kf3 Rd2 39. Ke3 Ra2 40. e5 dxe5 41. fxe5 Bg5+ 42. Nf4 Nxd5+ 43. Kf3 Nxf4 44. gxf4 Bxf4 45. Rc8+ Kg7 46. Bd4 Bxe5 47. Bxe5+ Kh6 48. Rc7 Ra3+ 49. Kg2 Ra2+ 50. Kh3 Ra3+ 51. Kg4 f5+ 52. Kf4 Ra4+ 53. Kf3 g5 54. Rc6+ Kh5 55. Bg7 Ra3+ 56. Kg2 Kg4 57. Bh6 Ra2+ 58. Kg1 f4 59. Rc5 Ra1+ 60. Kf2 Ra2+ 61. Kg1 Kf3 62. Rc3+ Kg4 63. Rc5 Ra1+ 64. Kf2 Ra2+ 65. Kg1 Kf3 66. Rc3+ Kg4 67. Rc5 1/2-1/2

[Event "Polanica Zdroj op 60th"]
[Site "Polanica Zdroj"]
[Date "2024.08.25"]
[Round "9"]
[White "Rosa, Antoni"]
[Black "Kazmierowski, Tymon"]
[Result "1/2-1/2"]
[WhiteElo "1978"]
[BlackElo "2114"]
[PlyCount "116"]
[EventDate "2024.08.17"]
[EventType "swiss"]
[EventRounds "9"]
[EventCountry "POL"]
[SourceTitle "CBM 221 Extra"]
[Source "ChessBase"]
[SourceDate "2024.09.30"]
[SourceVersion "1"]
[SourceVersionDate "2024.09.30"]
[SourceQuality "1"]

1. c4 e5 2. Nc3 Nf6 3. Nf3 Nc6 4. e4 g6 5. d4 exd4 6. Nxd4 d6 7. Be2 Bg7 8. 0-0 0-0 9. Bg5 h6 10. Bh4 Re8 11. Nxc6 bxc6 12. f4 Qd7 13. Qd3 Ba6 14. Bxf6 Bxf6 15. e5 Bg7 16. Qg3 dxe5 17. Rad1 Qe6 18. f5 gxf5 19. Qh3 f4 20. Qxe6 Rxe6 21. Ne4 Bf8 22. Bg4 Bxc4 23. Bxe6 Bxf1 24. Bb3 Bb5 25. Rd7 c5 26. Rxf7 c4 27. Rxc7 Be7 28. Bxc4+ Bxc4 29. Rxc4 Kf7 30. Kf1 Ke6 31. Ke2 h5 32. g3 Kf5 33. gxf4 exf4 34. Kf3 Rd8 35. Nf2 Rd2 36. Rxf4+ Kg6 37. Re4 Bf6 38. Re6 Rxb2 39. Ne4 Rb6 40. Rxf6+ Rxf6+ 41. Nxf6 Kxf6 42. Kf4 a5 43. a4 Kg6 44. h3 Kf6 45. h4 Ke6 46. Kg5 Ke5 47. Kxh5 Kf5 48. Kh6 Kf6 49. h5 Kf7 50. Kg5 Kg7 51. Kf5 Kh6 52. Ke5 Kxh5 53. Kd5 Kg6 54. Kc5 Kf7 55. Kb5 Ke8 56. Kxa5 Kd8 57. Kb6 Kc8 58. a5 Kb8 1/2-1/2

[Event "Polanica Zdroj op 60th"]
[Site "Polanica Zdroj"]
[Date "2024.08.23"]
[Round "7"]
[White "Alimbetov, Dias"]
[Black "Kazmierowski, Tymon"]
[Result "1-0"]
[WhiteElo "1887"]
[BlackElo "2114"]
[PlyCount "89"]
[EventDate "2024.08.17"]
[EventType "swiss"]
[EventRounds "9"]
[EventCountry "POL"]
[SourceTitle "CBM 221 Extra"]
[Source "ChessBase"]
[SourceDate "2024.09.30"]
[SourceVersion "1"]
[SourceVersionDate "2024.09.30"]
[SourceQuality "1"]

1. e4 e5 2. Nf3 Nc6 3. Bb5 a6 4. Ba4 Nf6 5. 0-0 Be7 6. Re1 b5 7. Bb3 0-0 8. a4 Bb7 9. d3 d5 10. axb5 axb5 11. Rxa8 Bxa8 12. Nc3 dxe4 13. dxe4 Bb4 14. Bd2 Nd4 15. Nxd4 Qxd4 16. Qe2 Qb6 17. Nd5 Nxd5 18. exd5 Bxd2 19. Qxd2 Re8 20. Qb4 c5 21. dxc6 Qxc6 22. f3 Qd7 23. Qc5 e4 24. fxe4 Rxe4 25. Rf1 Re7 26. Qb6 Qe8 27. h3 h6 28. Kh2 Kh8 29. Rf2 Re1 30. Qc7 Re7 31. Bxf7 Rxc7 32. Bxe8 Be4 33. Bxb5 Bxc2 34. b4 Be4 35. Rb2 Kg8 36. Ba6 Rd7 37. b5 Bd3 38. Bc8 Rc7 39. Be6+ Kf8 40. b6 Rb7 41. Bd5 Rb8 42. b7 Ba6 43. Rb6 Bd3 44. Rc6 Bf5 45. Rc7 1-0

[Event "Polanica Zdroj op 60th"]
[Site "Polanica Zdroj"]
[Date "2024.08.21"]
[Round "5"]
[White "Anshuman, K."]
[Black "Kazmierowski, Tymon"]
[Result "1/2-1/2"]
[WhiteElo "1963"]
[BlackElo "2114"]
[PlyCount "120"]
[EventDate "2024.08.17"]
[EventType "swiss"]
[EventRounds "9"]
[EventCountry "POL"]
[SourceTitle "CBM 221 Extra"]
[Source "ChessBase"]
[SourceDate "2024.09.30"]
[SourceVersion "1"]
[SourceVersionDate "2024.09.30"]
[SourceQuality "1"]

1. e4 c5 2. Nf3 d6 3. Bb5+ Bd7 4. a4 Nf6 5. Qe2 e6 6. 0-0 Nc6 7. Rd1 Be7 8. d4 cxd4 9. Nxd4 Qc7 10. Nc3 0-0 11. h3 a6 12. Bxc6 bxc6 13. Bg5 h6 14. Bh4 e5 15. Nb3 Be6 16. Nc1 Nxe4 17. Qxe4 d5 18. Qe2 Bxh4 19. a5 d4 20. Na4 Qxa5 21. Nd3 Bf6 22. Nac5 Qb5 23. b4 a5 24. Ra4 Bc4 25. Rda1 Rad8 26. Rxa5 Qxb4 27. Nxb4 Bxe2 28. Re1 Bb5 29. Ra7 Rfe8 30. Rc7 Rc8 31. Rb7 g6 32. g3 Bg7 33. Ne4 Rb8 34. Rc7 Rec8 35. Ra7 Bf8 36. Nd3 Bxd3 37. cxd3 Kg7 38. g4 Ra8 39. Rb7 Rab8 40. Rd7 Rd8 41. Rc7 Rbc8 42. Rb7 Re8 43. Ra1 Re7 44. Rb6 Rec7 45. Raa6 f5 46. gxf5 gxf5 47. Ng3 Kf6 48. Ra5 Bd6 49. f4 Ke6 50. Kf2 Rf8 51. Ne2 c5 52. fxe5 Kxe5 53. Nxd4 Kxd4 54. Rxd6+ Ke5 55. Rxh6 Rb8 56. Ke3 f4+ 57. Kf3 Rb3 58. Ke2 Rb2+ 59. Kf3 Rb3 60. Ke2 Rb2+ 1/2-1/2

[Event "Wroclaw op-A"]
[Site "Wroclaw"]
[Date "2024.08.12"]
[Round "7"]
[White "Kazmierowski, Tymon"]
[Black "Zajac, Szymon1"]
[Result "1/2-1/2"]
[WhiteElo "2114"]
[BlackElo "2006"]
[PlyCount "72"]
[EventDate "2024.08.08"]
[EventType "swiss"]
[EventRounds "9"]
[EventCountry "POL"]
[SourceTitle "EXT 2025"]
[Source "ChessBase"]
[SourceDate "2024.10.14"]
[SourceVersion "1"]
[SourceVersionDate "2024.10.14"]
[SourceQuality "1"]

1. e4 e6 2. d4 d5 3. e5 c5 4. c3 Nc6 5. Nf3 Bd7 6. Be2 h5 7. a3 a5 8. 0-0 Nh6 9. a4 Nf5 10. Na3 cxd4 11. Nxd4 Ncxd4 12. cxd4 h4 13. Nc2 Qb6 14. Qd3 Rc8 15. b3 Be7 16. Bb2 0-0 17. Ne3 Rc7 18. Nxf5 exf5 19. f4 Rfc8 20. Rfc1 Qh6 21. Rxc7 Rxc7 22. Rc1 Rxc1+ 23. Bxc1 Qb6 24. Bf3 Be6 25. Bb2 Bb4 26. Qc2 Be1 27. Kf1 Bb4 28. Kf2 Qc6 29. Qxc6 bxc6 30. Ke3 Kf8 31. Kd3 Bc8 32. Bc1 Ke7 33. Be3 Ba6+ 34. Kc2 Bf1 35. Kd1 h3 36. g4 Ke6 1/2-1/2

[Event "Wroclaw op-A"]
[Site "Wroclaw"]
[Date "2024.08.08"]
[Round "1"]
[White "Kazmierowski, Tymon"]
[Black "Rozentalis, Eduardas"]
[Result "0-1"]
[WhiteElo "2114"]
[BlackElo "2513"]
[PlyCount "82"]
[EventDate "2024.08.08"]
[EventType "swiss"]
[EventRounds "9"]
[EventCountry "POL"]
[SourceTitle "EXT 2025"]
[Source "ChessBase"]
[SourceDate "2024.10.14"]
[SourceVersion "1"]
[SourceVersionDate "2024.10.14"]
[SourceQuality "1"]

1. d4 Nf6 2. Nf3 b6 3. g3 Bb7 4. Bg2 e6 5. 0-0 c5 6. c4 cxd4 7. Nxd4 Bxg2 8. Kxg2 Qc8 9. b3 Be7 10. Bb2 0-0 11. Nc3 Qb7+ 12. Kg1 a6 13. Rc1 d6 14. Qd3 Nbd7 15. Qf3 Qxf3 16. Nxf3 Rfc8 17. Rfd1 Bf8 18. Nd4 Ra7 19. Kg2 Rac7 20. e4 g6 21. h3 Bg7 22. f4 h5 23. Ba3 Ne8 24. Nde2 b5 25. Bxd6 Nxd6 26. Rxd6 bxc4 27. bxc4 Bf8 28. Rdd1 Nb6 29. Nb1 Nxc4 30. Kf3 a5 31. g4 hxg4+ 32. hxg4 e5 33. f5 Bh6 34. Rc3 Kg7 35. Rb3 Bg5 36. Ng1 Rh8 37. Nc3 a4 38. f6+ Bxf6 39. Nxa4 Bg5 40. Rb4 Rc6 41. Rd7 Rh2 0-1

[Event "Warsaw Maciei Memorial Blitz"]
[Site "Warsaw"]
[Date "2024.07.08"]
[Round "2"]
[White "Kazmierowski, Tymon"]
[Black "Markowski, Tomasz"]
[Result "0-1"]
[WhiteElo "2096"]
[BlackElo "2503"]
[PlyCount "68"]
[EventDate "2024.07.08"]
[EventType "swiss (blitz)"]
[EventRounds "11"]
[EventCountry "POL"]
[SourceTitle "CBM 221 Extra"]
[Source "ChessBase"]
[SourceDate "2024.09.30"]
[SourceVersion "1"]
[SourceVersionDate "2024.09.30"]
[SourceQuality "1"]

1. d4 Nf6 2. c4 e6 3. Nf3 b6 4. a3 Bb7 5. Nc3 d5 6. cxd5 Nxd5 7. e3 Be7 8. Qc2 Nxc3 9. bxc3 Nd7 10. Bd3 c5 11. Qe2 0-0 12. 0-0 Qc7 13. Bb2 Rfd8 14. Rfd1 Rac8 15. Rac1 Nf8 16. Ne5 Ng6 17. f4 Bf8 18. Qg4 f5 19. Qg3 Nxe5 20. fxe5 g6 21. Bc4 Qc6 22. Qf3 Kf7 23. d5 exd5 24. Rxd5 Kg7 25. Rcd1 Qc7 26. e6 Bxd5 27. Bxd5 c4 28. e4 Qe5 29. exf5 Bc5+ 30. Kh1 Qxf5 31. Qxf5 gxf5 32. Bf3 Rxd1+ 33. Bxd1 Kf6 34. Be2 b5 0-1

[Event "POL-ch Rapid"]
[Site "Lublin"]
[Date "2023.10.07"]
[Round "5"]
[White "Kazmierowski, Tymon"]
[Black "Gumularz, Szymon"]
[Result "0-1"]
[WhiteElo "2094"]
[BlackElo "2581"]
[PlyCount "92"]
[EventDate "2023.10.07"]
[EventType "swiss (rapid)"]
[EventRounds "9"]
[EventCountry "POL"]
[SourceTitle "CBM 216 Extra"]
[Source "ChessBase"]
[SourceDate "2023.11.30"]
[SourceVersion "1"]
[SourceVersionDate "2023.11.30"]
[SourceQuality "1"]

1. d4 e6 2. Nf3 Nf6 3. Bg5 d6 4. e3 h6 5. Bh4 g5 6. Bg3 Nh5 7. Bd3 Bg7 8. Nbd2 Qe7 9. Qe2 Nd7 10. c3 a6 11. Nb3 b6 12. Nfd2 Nxg3 13. hxg3 c5 14. c4 a5 15. Be4 Ra7 16. a4 Ba6 17. Bc6 0-0 18. 0-0 Rc7 19. Bb5 Bb7 20. Nf3 cxd4 21. Nfxd4 Nc5 22. Rfd1 Rfc8 23. Nxc5 Rxc5 24. Rac1 R5c7 25. Qd2 Bf6 26. b3 Kg7 27. Ne2 d5 28. cxd5 Bxd5 29. Rxc7 Rxc7 30. Nd4 Rc5 31. b4 axb4 32. Qxb4 Qc7 33. Qd2 Be4 34. Bd3 Bb7 35. Bb1 Kg8 36. Qd3 Bg7 37. Nb5 Qc6 38. f3 Rd5 39. Qh7+ Kf8 40. Rxd5 Qxd5 41. Qc2 Bc6 42. Ba2 Qd7 43. Qc4 Be5 44. Qb4+ Kg7 45. f4 Qd1+ 46. Kh2 Qe2 0-1

[Event "Katowice POL-HUN 10th"]
[Site "Katowice"]
[Date "2023.09.09"]
[Round "2"]
[White "Navara, David"]
[Black "Kazmierowski, Tymon"]
[Result "1-0"]
[WhiteElo "2688"]
[BlackElo "2094"]
[PlyCount "71"]
[EventDate "2023.09.09"]
[EventType "swiss (rapid)"]
[EventRounds "9"]
[EventCountry "POL"]
[SourceTitle "CBM 216 Extra"]
[Source "ChessBase"]
[SourceDate "2023.11.30"]
[SourceVersion "1"]
[SourceVersionDate "2023.11.30"]
[SourceQuality "1"]

1. e4 c5 2. Nf3 d6 3. Bb5+ Bd7 4. Bxd7+ Nxd7 5. 0-0 Ngf6 6. Qe2 e6 7. b3 g6 8. Bb2 Bg7 9. d4 cxd4 10. Nxd4 a6 11. c4 0-0 12. Nc3 Qa5 13. Rfd1 Rfd8 14. Rac1 Rac8 15. h3 Qh5 16. Qxh5 Nxh5 17. Nde2 Nc5 18. Ba3 Bh6 19. Rc2 b6 20. Nd4 Bg7 21. Bc1 Be5 22. Bg5 f6 23. Be3 Kf7 24. Nde2 b5 25. g4 Ng7 26. cxb5 Nxe4 27. bxa6 Nxc3 28. Nxc3 Rxc3 29. Rxc3 Bxc3 30. Rc1 Ba5 31. b4 Bxb4 32. Rc7+ Kf8 33. Bh6 Bc5 34. Rxg7 Ke8 35. Be3 Ra8 36. Rg8+ 1-0